[Event "2nd GMA World Cup prel  #1"]
[Site "Belgrade YUG"]
[Date "1988.??.??"]
[Round "?"]
[White "Raicevic, Vladimir"]
[Black "Bjelajac, Milan"]
[Result "1/2-1/2"]
[WhiteElo "2455"]
[BlackElo "2370"]
[EventDate "1988.12.??"]
[PlyCount "110"]

1.d4 f5 2.Nc3 d5 3.Bg5 h6 4.Bf4 Nf6 5.e3 e6 6.h4 g6 7.Nf3 Bd6 8.Ne5 Bxe5 
9.Bxe5 Nbd7 10.Bf4 c6 11.Bd3 Qe7 12.Be2 b6 13.g4 Bb7 14.gxf5 exf5 15.Rg1 
Qf7 16.Qd3 a5 17.Qd2 Ba6 18.Bf3 O-O-O 19.O-O-O Ne4 20.Qe1 Rdg8 21.Bxe4 
fxe4 22.Na4 Qe7 23.Bg3 Kb7 24.a3 g5 25.hxg5 hxg5 26.Nc3 Ra8 27.Kb1 Nf8 28.
Rh1 Ng6 29.Rxh8 Rxh8 30.Ka1 Ka7 31.Nb1 Bc8 32.Nd2 Qf7 33.Rc1 Ba6 34.b3 Nf4
35.Rb1 Rh3 36.b4 a4 37.Kb2 Qf5 38.Rd1 Qg4 39.Qg1 Qf5 40.exf4 gxf4 41.Bh2 
e3 42.fxe3 fxe3 43.Nb1 e2 44.Re1 Qf3 45.Qg7+ Bb7 46.Qe5 Rh4 47.Rxe2 Rxd4 
48.Qb8+ Ka6 49.Re7 Rc4 50.Rxb7 Rxc2+ 51.Kxc2 Qf5+ 52.Kc1 Qf1+ 53.Kb2 Qf2+ 
54.Kc3 Qf3+ 55.Kc2 Qf5+ 1/2-1/2

[Event "2nd GMA World Cup prel  #1"]
[Site "Belgrade YUG"]
[Date "1988.??.??"]
[Round "?"]
[White "Raicevic, Vladimir"]
[Black "Trifunovic, Miroljub"]
[Result "0-1"]
[WhiteElo "2455"]
[BlackElo "2300"]
[EventDate "1988.12.??"]
[PlyCount "88"]

1.d4 Nf6 2.c4 e6 3.Nc3 d5 4.cxd5 exd5 5.Bg5 c6 6.Qc2 Nbd7 7.e3 Be7 8.Bd3 
Nh5 9.Bxe7 Qxe7 10.Nge2 g6 11.g4 Ng7 12.O-O-O Nb6 13.Rhg1 Be6 14.Nf4 O-O-O
15.Kb1 Kb8 16.Nce2 Bc8 17.g5 Nf5 18.Qc5 Qc7 19.Ka1 h6 20.Bxf5 Bxf5 21.h4 
hxg5 22.hxg5 Rh2 23.Rdf1 Nc4 24.Qb4 a5 25.Qc3 b5 26.Ng3 b4 27.Qe1 Bc2 28.
Rh1 Rxh1 29.Rxh1 Ka8 30.Qe2 b3 31.axb3 Bxb3 32.Nd3 Rb8 33.Nc5 Qb6 34.Qd3 
Bd1 35.Qc3 Qxb2+ 36.Qxb2 Nxb2 37.Re1 Bf3 38.Nd7 Rb7 39.Ne5 Be4 40.Nxe4 
dxe4 41.Nxc6 Nd3 42.Re2 Rb5 43.Nd8 Rxg5 44.Rc2 Rg1+ 0-1

[Event "2nd GMA World Cup prel  #1"]
[Site "Belgrade YUG"]
[Date "1988.??.??"]
[Round "?"]
[White "Raicevic, Vladimir"]
[Black "Watson, William"]
[Result "0-1"]
[WhiteElo "2455"]
[BlackElo "2500"]
[EventDate "1988.12.??"]
[PlyCount "60"]

1.c4 e5 2.g3 g6 3.Bg2 Bg7 4.Nc3 f5 5.e3 Nf6 6.Nge2 O-O 7.O-O c6 8.c5 d5 9.
cxd6 Qxd6 10.d3 Be6 11.Qc2 Na6 12.d4 Nb4 13.Qb1 Bc4 14.Bd2 exd4 15.exd4 
Nbd5 16.Re1 Rae8 17.Nf4 Nb6 18.Qc2 Ng4 19.Be3 g5 20.Nh3 f4 21.gxf4 gxf4 
22.Ne4 Qh6 23.Qd1 Nxe3 24.fxe3 f3 25.Bxf3 Qxh3 26.Ng3 Bd5 27.e4 Be6 28.d5 
Rd8 29.Qb3 cxd5 30.Rad1 dxe4 0-1

[Event "2nd GMA World Cup prel  #1"]
[Site "Belgrade YUG"]
[Date "1988.??.??"]
[Round "?"]
[White "Rajkovic, Dusan"]
[Black "Doric, Dusan"]
[Result "1-0"]
[WhiteElo "2495"]
[BlackElo "2360"]
[EventDate "1988.12.??"]
[PlyCount "67"]

1.Nf3 Nf6 2.d4 d5 3.c4 c6 4.Nc3 g6 5.Bg5 Bg7 6.e3 O-O 7.Rc1 h6 8.Bh4 Be6 
9.Nd2 Nbd7 10.cxd5 cxd5 11.Be2 a6 12.a4 Qb6 13.Qb3 Qxb3 14.Nxb3 Rfc8 15.f3
g5 16.Bf2 Ne8 17.Bg3 f6 18.O-O Bf7 19.a5 e6 20.Na4 Bf8 21.Nbc5 Nxc5 22.
dxc5 Rc6 23.b4 e5 24.Rfd1 Rd8 25.Rd2 Nc7 26.Nc3 Re6 27.Rcd1 Re7 28.Bc4 
Red7 29.Bb3 d4 30.Ba4 Nd5 31.Nxd5 Rxd5 32.exd4 Rxd4 33.Rxd4 exd4 34.Bc7 
1-0

[Event "2nd GMA World Cup prel  #1"]
[Site "Belgrade YUG"]
[Date "1988.??.??"]
[Round "?"]
[White "Rajkovic, Dusan"]
[Black "Kosanski, Stanko"]
[Result "1/2-1/2"]
[WhiteElo "2495"]
[BlackElo "2390"]
[EventDate "1988.12.??"]
[PlyCount "116"]

1.d4 c5 2.d5 e5 3.c4 d6 4.Nc3 Nf6 5.e4 Be7 6.h3 Na6 7.Nf3 Nc7 8.Bd3 O-O 9.
a3 a6 10.b4 b6 11.Rb1 Nfe8 12.Na4 b5 13.Nb6 bxc4 14.Nxa8 cxd3 15.Nxc7 Qxc7
16.Qxd3 c4 17.Qc3 f5 18.Nd2 fxe4 19.Qxc4 Bf5 20.Rb2 e3 21.fxe3 Qxc4 22.
Nxc4 Bd3 23.Nb6 Nf6 24.Rd2 e4 25.Bb2 Nh5 26.Bd4 Bh4+ 27.Kd1 Ng3 28.Rg1 Nf1
29.Rxd3 exd3 30.Nc4 Rf2 31.Rxf1 Rxf1+ 32.Kd2 Rf2+ 33.Kxd3 Rxg2 34.a4 Ra2 
35.a5 Be7 36.Bb2 Bf6 37.Kc2 Bxb2 38.Kb3 Ra1 39.Kxb2 Rd1 40.Nb6 Re1 41.b5 
Rxe3 42.bxa6 Re7 43.Kb3 Ra7 44.Kb4 Rxa6 45.Kb5 Ra7 46.Nc8 Ra8 47.Nxd6 Kf8 
48.a6 Ke7 49.Nc4 Kd8 50.d6 g5 51.Ne5 h5 52.Kb6 Rb8+ 53.Kc6 Rc8+ 54.Kd5 Ra8
55.Ke6 Rxa6 56.Nf7+ Ke8 57.Nxg5 Ra7 58.h4 Rb7 1/2-1/2

[Event "2nd GMA World Cup prel  #1"]
[Site "Belgrade YUG"]
[Date "1988.??.??"]
[Round "?"]
[White "Rajkovic, Dusan"]
[Black "Ljubisavljevic, Zivojin"]
[Result "1/2-1/2"]
[WhiteElo "2495"]
[BlackElo "2355"]
[EventDate "1988.12.??"]
[PlyCount "108"]

1.d4 f5 2.Bg5 g6 3.Nc3 d5 4.h4 h6 5.Bf4 Bg7 6.Nf3 e6 7.e3 c6 8.g4 Nd7 9.
gxf5 exf5 10.Bd3 Nf8 11.Ne5 Be6 12.Rg1 Bxe5 13.Bxe5 Rh7 14.Bg3 Nf6 15.f3 
Nh5 16.Bf2 Re7 17.Qd2 Bf7 18.O-O-O Qa5 19.a3 O-O-O 20.e4 dxe4 21.fxe4 f4 
22.Be2 g5 23.hxg5 hxg5 24.Qe1 Nf6 25.Nd5 Rxd5 26.exd5 Qxd5 27.c4 Qd7 28.
Qb4 Rxe2 29.Qxf8+ Re8 30.Qb4 Ne4 31.Rgf1 Qf5 32.d5 c5 33.Bxc5 Bg6 34.Rfe1 
Re5 35.Bxa7 Nd6 36.Qc3 Re3 37.Rxe3 fxe3 38.Bxe3 Qb1+ 39.Kd2 Ne4+ 40.Ke1 
Nxc3 41.Rxb1 Nxb1 42.Bxg5 Bd3 43.c5 Be4 44.d6 Kd7 45.Ke2 Kc6 46.Ke3 Bf5 
47.Kd4 Be6 48.Be3 Bb3 49.Ke5 Kd7 50.Bf4 Kc6 51.Bh6 Kd7 52.Be3 Kc6 53.Kf6 
Kd7 54.Bf4 Bc2 1/2-1/2

[Event "2nd GMA World Cup prel  #1"]
[Site "Belgrade YUG"]
[Date "1988.??.??"]
[Round "?"]
[White "Rajkovic, Dusan"]
[Black "Makarov, Marat"]
[Result "0-1"]
[WhiteElo "2495"]
[BlackElo "2370"]
[EventDate "1988.12.??"]
[PlyCount "102"]

1.d4 Nf6 2.Nf3 e6 3.g3 b5 4.Bg2 Bb7 5.O-O c5 6.c3 Be7 7.Bg5 Na6 8.Qd3 Qb6 
9.Nbd2 cxd4 10.Nxd4 Bxg2 11.Kxg2 Rb8 12.b4 Nc7 13.a4 a6 14.axb5 axb5 15.
N4f3 h6 16.Be3 Qc6 17.Kg1 O-O 18.Ra7 Ncd5 19.Bd4 Rfc8 20.Ne5 Qd6 21.Qf3 
Rf8 22.Nb3 Bd8 23.e4 Bb6 24.Bxb6 Nxb6 25.Nd3 Nc4 26.Qe2 Qc6 27.e5 Nd5 28.
Nbc5 Ncb6 29.Qg4 Ra8 30.Rxa8 Rxa8 31.Rc1 Nc4 32.Nf4 Nxf4 33.Qxf4 Qd5 34.
Re1 Ra2 35.Qd4 Qxd4 36.cxd4 Rd2 37.Ra1 Rxd4 38.f4 Ne3 39.Ra7 Rxb4 40.Nxd7 
Kh7 41.Ra8 h5 42.Nf8+ Kh6 43.Ra7 h4 44.Rxf7 h3 45.Kf2 Ng4+ 46.Ke2 Rb2+ 47.
Kd3 Rxh2 48.Nxe6 Rg2 49.Rxg7 Rxg3+ 50.Ke4 h2 51.Rg8 Kh7 0-1

[Event "2nd GMA World Cup prel  #1"]
[Site "Belgrade YUG"]
[Date "1988.??.??"]
[Round "?"]
[White "Rantanen, Yrjo"]
[Black "Ivkov, Borislav"]
[Result "1-0"]
[WhiteElo "2370"]
[BlackElo "2470"]
[EventDate "1988.12.??"]
[PlyCount "79"]

1.e4 e5 2.Nf3 Nc6 3.Bb5 a6 4.Ba4 Nf6 5.O-O Be7 6.Re1 b5 7.Bb3 d6 8.c3 O-O 
9.d4 Bg4 10.a3 exd4 11.cxd4 d5 12.e5 Ne4 13.Ba2 Qd7 14.Nc3 Nxc3 15.bxc3 
Na5 16.h3 Bf5 17.g4 Bg6 18.e6 fxe6 19.Ne5 Qe8 20.Nxg6 Qxg6 21.Bb1 Qf6 22.
f4 Qh4 23.Ra2 Bd6 24.Rf1 Nc4 25.Qf3 Rf7 26.Re2 Raf8 27.f5 exf5 28.Qxd5 
fxg4 29.Rxf7 Rxf7 30.Re8+ Bf8 31.Bxh7+ Kxh7 32.Qxf7 Nd6 33.Qxf8 Qg3+ 34.
Kf1 Nxe8 35.Qxe8 Qxh3+ 36.Ke2 Qf3+ 37.Kd2 g3 38.Qe2 Qh1 39.Qd3+ Kg8 40.
Qxg3 1-0

[Event "2nd GMA World Cup prel  #1"]
[Site "Belgrade YUG"]
[Date "1988.??.??"]
[Round "?"]
[White "Rantanen, Yrjo"]
[Black "Kosic, Dragan"]
[Result "1/2-1/2"]
[WhiteElo "2370"]
[BlackElo "2440"]
[EventDate "1988.12.??"]
[PlyCount "63"]

1.e4 c5 2.Nf3 e6 3.d4 cxd4 4.Nxd4 Nf6 5.Nc3 d6 6.f4 Be7 7.Be2 O-O 8.O-O 
Nc6 9.Be3 e5 10.fxe5 dxe5 11.Nf5 Bxf5 12.Rxf5 Qa5 13.Kh1 Rad8 14.Bd3 Nd4 
15.Bxd4 Rxd4 16.Qf3 Qb4 17.Rb1 Rc8 18.a3 Qc5 19.Rf1 Rd6 20.Qg3 g6 21.Rxe5 
Nh5 22.Qg4 Qxe5 23.Qxc8+ Kg7 24.Nd5 Re6 25.Qc3 Qxc3 26.Nxc3 Bf6 27.Nd1 Be5
28.g3 Nf6 29.Kg2 h5 30.b3 Bd6 31.a4 Nxe4 32.Re1 1/2-1/2

[Event "2nd GMA World Cup prel  #1"]
[Site "Belgrade YUG"]
[Date "1988.??.??"]
[Round "?"]
[White "Rantanen, Yrjo"]
[Black "Mednis, Edmar John"]
[Result "1/2-1/2"]
[WhiteElo "2370"]
[BlackElo "2435"]
[EventDate "1988.12.??"]
[PlyCount "91"]

1.e4 c5 2.Nf3 Nc6 3.d4 cxd4 4.Nxd4 Nf6 5.Nc3 d6 6.Be2 e6 7.Be3 Be7 8.O-O 
O-O 9.f4 a6 10.Qe1 Nxd4 11.Bxd4 b5 12.Rd1 Bb7 13.Bf3 Qc7 14.e5 dxe5 15.
fxe5 Nd7 16.Bxb7 Qxb7 17.Ne4 Rac8 18.c3 Kh8 19.Rf4 Qd5 20.Bf2 Qc6 21.Nd6 
Bxd6 22.Rxd6 Qb7 23.Rh4 Rfe8 24.Qe4 Qxe4 25.Rxe4 Nb8 26.Rb6 Red8 27.Rd4 
Rxd4 28.Bxd4 h6 29.b3 Nc6 30.Rxa6 Nxd4 31.cxd4 Rc2 32.a3 Rc1+ 33.Kf2 Rc2+ 
34.Kf1 Rc1+ 35.Ke2 Rc2+ 36.Kf1 Rc1+ 37.Ke2 Rc2+ 38.Kd3 Rxg2 39.Ra5 Rxh2 
40.Rxb5 g5 41.d5 exd5 42.Rxd5 g4 43.Ke4 g3 44.Rd3 Rh3 45.Rd2 Rh2 46.Rd3 
1/2-1/2

[Event "2nd GMA World Cup prel  #1"]
[Site "Belgrade YUG"]
[Date "1988.??.??"]
[Round "?"]
[White "Rashkovsky, Nukhim"]
[Black "Chernin, Alexander"]
[Result "0-1"]
[WhiteElo "2500"]
[BlackElo "2565"]
[EventDate "1988.12.??"]
[PlyCount "82"]

1.d4 Nf6 2.c4 e6 3.Nf3 b6 4.Nc3 Bb7 5.a3 d5 6.cxd5 Nxd5 7.Qc2 c5 8.e4 Nxc3
9.bxc3 Nd7 10.Bf4 cxd4 11.cxd4 Rc8 12.Qb3 Be7 13.Bd3 Nf6 14.Qb5+ Qd7 15.
Ne5 Qxb5 16.Bxb5+ Kf8 17.f3 Ne8 18.Nd7+ Kg8 19.O-O g5 20.Bg3 Kg7 21.a4 Nd6
22.Be5+ f6 23.Bxd6 Bxd6 24.a5 a6 25.axb6 axb5 26.Ra7 Rb8 27.Rc1 b4 28.e5 
fxe5 29.dxe5 Be7 30.Nxb8 Rxb8 31.Rc7 b3 32.Rc3 Kg6 33.Rxb3 Bc5+ 34.Kf1 Bd5
35.Rb1 Bc4+ 36.Ke1 Bxb6 37.Raa1 g4 38.fxg4 Rf8 39.Kd2 Bd4 40.Ra4 Rf2+ 41.
Kd1 Bd3 0-1

[Event "2nd GMA World Cup prel  #1"]
[Site "Belgrade YUG"]
[Date "1988.??.??"]
[Round "?"]
[White "Rashkovsky, Nukhim"]
[Black "Maric, Dragan"]
[Result "1-0"]
[WhiteElo "2500"]
[BlackElo "2370"]
[EventDate "1988.12.??"]
[PlyCount "81"]

1.Nf3 Nc6 2.d4 Nf6 3.c4 d6 4.Nc3 Bf5 5.d5 Ne5 6.Nd4 g6 7.Nxf5 gxf5 8.Qc2 
Qd7 9.e3 Bg7 10.f4 Ng6 11.Bd3 e6 12.O-O O-O 13.e4 fxe4 14.Nxe4 Nxe4 15.
Bxe4 exd5 16.cxd5 f5 17.Bd3 c5 18.dxc6 bxc6 19.Bd2 Rab8 20.Rab1 Ne7 21.b4 
d5 22.a4 d4 23.Rfc1 Kh8 24.Qc5 Rf6 25.Re1 Nd5 26.b5 Rbf8 27.Rbc1 Nc3 28.
Re7 Qd8 29.Qxa7 Rg6 30.Qd7 cxb5 31.Qxd8 Rxd8 32.axb5 Rb6 33.Rce1 Rbb8 34.
R1e6 h5 35.Rg6 Bf8 36.Re5 Rd5 37.Rxd5 Nxd5 38.Rg5 Ne7 39.Rxh5+ Kg7 40.Rg5+
Kf6 41.Bb4 1-0

[Event "2nd GMA World Cup prel  #1"]
[Site "Belgrade YUG"]
[Date "1988.??.??"]
[Round "?"]
[White "Rashkovsky, Nukhim"]
[Black "Polugaevsky, Lev"]
[Result "1/2-1/2"]
[WhiteElo "2500"]
[BlackElo "2590"]
[EventDate "1988.12.??"]
[PlyCount "24"]

1.d4 Nf6 2.c4 e6 3.Nf3 b6 4.g3 Bb7 5.Bg2 Be7 6.O-O O-O 7.Nc3 Ne4 8.Nxe4 
Bxe4 9.Ne1 Bxg2 10.Nxg2 d5 11.Qa4 Qe8 12.Qxe8 Rxe8 1/2-1/2

[Event "2nd GMA World Cup prel  #1"]
[Site "Belgrade YUG"]
[Date "1988.??.??"]
[Round "?"]
[White "Rashkovsky, Nukhim"]
[Black "Ruban, Vadim"]
[Result "1-0"]
[WhiteElo "2500"]
[BlackElo "2395"]
[EventDate "1988.12.??"]
[PlyCount "109"]

1.Nc3 c5 2.Nf3 Nc6 3.g3 g6 4.Bg2 Bg7 5.O-O e6 6.a3 Nge7 7.b4 d6 8.Rb1 O-O 
9.e4 b6 10.Ne2 d5 11.exd5 Nxd5 12.c4 Nde7 13.d4 cxd4 14.Nfxd4 Bb7 15.Bg5 
Qc8 16.Nb5 Rd8 17.Nd6 Qc7 18.c5 bxc5 19.bxc5 Rab8 20.Qa4 Ba8 21.Qf4 Rf8 
22.Bf6 Bxf6 23.Qxf6 Nd5 24.Bxd5 exd5 25.Nf4 Nd8 26.Rxb8 Qxb8 27.Re1 Ne6 
28.Nxe6 fxe6 29.Qxe6+ Kh8 30.Qe7 Kg8 31.Qe6+ Kh8 32.Nf7+ Kg7 33.Ng5 Qc7 
34.Qe3 Kg8 35.Ne6 d4 36.Nxc7 dxe3 37.Rxe3 Bc6 38.Re6 Bf3 39.Re8 Rxe8 40.
Nxe8 Kf7 41.Nd6+ Ke6 42.Nb5 Kd5 43.c6 Bg4 44.Nxa7 Kd6 45.f4 Kc7 46.Nb5+ 
Kxc6 47.Nc3 Bf5 48.Kf2 Kc5 49.Ke3 Kc4 50.Ne4 Kb3 51.Nf6 h5 52.Kd4 Kxa3 53.
Ke5 Bc2 54.Nd5 Kb2 55.Kf6 1-0

[Event "2nd GMA World Cup prel  #1"]
[Site "Belgrade YUG"]
[Date "1988.??.??"]
[Round "?"]
[White "Rasidovic, Sead"]
[Black "Rajkovic, Dusan"]
[Result "1-0"]
[WhiteElo "2370"]
[BlackElo "2495"]
[EventDate "1988.12.??"]
[PlyCount "83"]

1.f4 d5 2.e3 g6 3.Nf3 Bg7 4.Be2 Nf6 5.d3 O-O 6.O-O a5 7.Qe1 a4 8.c3 c6 9.
Bd1 Nbd7 10.e4 dxe4 11.dxe4 Nc5 12.Bc2 Nd3 13.Bxd3 Qxd3 14.e5 Nd5 15.Na3 
c5 16.Bd2 b6 17.c4 Nc7 18.Rd1 Qd7 19.Bc3 Qc6 20.Qh4 f6 21.Rd2 Ne6 22.Re1 
Ra7 23.Nc2 Rd7 24.Rxd7 Bxd7 25.Ne3 Nc7 26.f5 gxf5 27.exf6 exf6 28.Qh5 Re8 
29.Nxf5 Rxe1+ 30.Nxe1 Qe6 31.Nxg7 Kxg7 32.Qg5+ Kf7 33.Qf4 Ne8 34.Nf3 Qf5 
35.Qc1 Qd3 36.b3 Bc6 37.Qd2 Qb1+ 38.Ne1 axb3 39.axb3 Qxb3 40.Qd3 Be4 41.
Qd7+ Kf8 42.Bd2 1-0

[Event "2nd GMA World Cup prel  #1"]
[Site "Belgrade YUG"]
[Date "1988.??.??"]
[Round "?"]
[White "Rasidovic, Sead"]
[Black "Todorovic, Goran M."]
[Result "0-1"]
[WhiteElo "2370"]
[BlackElo "2425"]
[EventDate "1988.12.??"]
[PlyCount "86"]

1.e4 c5 2.Nf3 e6 3.d4 cxd4 4.Nxd4 Nf6 5.Nc3 Nc6 6.Ndb5 d6 7.Bf4 e5 8.Bg5 
a6 9.Na3 b5 10.Bxf6 gxf6 11.Nd5 f5 12.g3 fxe4 13.Bg2 Bg7 14.Bxe4 Be6 15.
Qh5 Rc8 16.O-O Ne7 17.Nxe7 Qxe7 18.c3 d5 19.Bf5 Bxf5 20.Qxf5 Qe6 21.Qh5 
O-O 22.Qe2 f5 23.Nc2 f4 24.Rfe1 Qf7 25.a4 d4 26.axb5 axb5 27.Na3 b4 28.
cxb4 fxg3 29.hxg3 e4 30.Qd2 Qg6 31.Kg2 Rf3 32.Rf1 Be5 33.Qe1 Rcf8 34.Nc4 
Bxg3 35.fxg3 Rxf1 36.Qxf1 Rxf1 37.Rxf1 e3 38.Nxe3 dxe3 39.Kf3 Qf5+ 40.Ke2 
Qb5+ 41.Ke1 Qxb4+ 42.Ke2 Qd2+ 43.Kf3 e2 0-1

[Event "2nd GMA World Cup prel  #1"]
[Site "Belgrade YUG"]
[Date "1988.??.??"]
[Round "?"]
[White "Rasidovic, Sead"]
[Black "Todorovic, Jovan"]
[Result "1/2-1/2"]
[WhiteElo "2370"]
[BlackElo "2427"]
[EventDate "1988.12.??"]
[PlyCount "23"]

1.e4 c5 2.Nf3 d6 3.d4 cxd4 4.Nxd4 Nf6 5.Nc3 Nc6 6.f4 e5 7.Nf3 Be7 8.Bd3 
O-O 9.O-O exf4 10.Bxf4 Ng4 11.Nd5 Nge5 12.Kh1 1/2-1/2

[Event "2nd GMA World Cup prel  #1"]
[Site "Belgrade YUG"]
[Date "1988.??.??"]
[Round "?"]
[White "Razuvaev, Yury"]
[Black "Cvetkovic, Srdan"]
[Result "1/2-1/2"]
[WhiteElo "2535"]
[BlackElo "2450"]
[EventDate "1988.12.??"]
[PlyCount "48"]

1.d4 Nf6 2.c4 e6 3.Nf3 d5 4.Nc3 Nbd7 5.e3 Be7 6.Bd3 O-O 7.O-O dxc4 8.Bxc4 
c5 9.Qe2 a6 10.a4 cxd4 11.exd4 Nb6 12.Bb3 Nbd5 13.Rd1 b6 14.Ne5 Bb7 15.Rd3
Rc8 16.Rh3 Qd6 17.Bg5 g6 18.Re1 Rc7 19.Nxd5 Nxd5 20.Bd2 Bf6 21.Rg3 Bg7 22.
Rd1 Rd8 23.h4 Nf6 24.Re3 Bd5 1/2-1/2

[Event "2nd GMA World Cup prel  #1"]
[Site "Belgrade YUG"]
[Date "1988.??.??"]
[Round "?"]
[White "Razuvaev, Yury"]
[Black "Marinkovic, Ivan"]
[Result "1/2-1/2"]
[WhiteElo "2535"]
[BlackElo "2420"]
[EventDate "1988.12.??"]
[PlyCount "48"]

1.d4 Nf6 2.c4 c5 3.d5 b5 4.Nf3 b4 5.Nbd2 g6 6.b3 Bg7 7.Bb2 O-O 8.e4 d6 9.
Bd3 e5 10.g3 a5 11.Nh4 Bh3 12.Bf1 Bd7 13.Bg2 a4 14.Rc1 axb3 15.axb3 Ra2 
16.Rc2 Bg4 17.Qb1 Ra7 18.Nf1 Bh6 19.Bc1 Bxc1 20.Qxc1 Ra3 21.Rb2 Qa5 22.h3 
Ra1 23.Rb1 Qa2 24.Nd2 Rxb1 1/2-1/2

[Event "2nd GMA World Cup prel  #1"]
[Site "Belgrade YUG"]
[Date "1988.??.??"]
[Round "?"]
[White "Renet, Olivier"]
[Black "Razuvaev, Yury"]
[Result "1/2-1/2"]
[WhiteElo "2440"]
[BlackElo "2535"]
[EventDate "1988.12.??"]
[PlyCount "43"]

1.e4 c5 2.Nf3 e6 3.d4 cxd4 4.Nxd4 Nf6 5.Nc3 d6 6.g4 h6 7.h4 Be7 8.Qf3 h5 
9.gxh5 Nc6 10.Be3 Bd7 11.O-O-O a6 12.Qg2 Nxh5 13.Be2 g6 14.f4 Nxd4 15.Rxd4
Bc6 16.Bf3 Qc7 17.f5 gxf5 18.exf5 O-O-O 19.fxe6 fxe6 20.Bg5 Bxg5+ 21.hxg5 
e5 22.Rdh4 1/2-1/2

[Event "2nd GMA World Cup prel  #1"]
[Site "Belgrade YUG"]
[Date "1988.??.??"]
[Round "?"]
[White "Renet, Olivier"]
[Black "Vucicevic, Moma"]
[Result "1-0"]
[WhiteElo "2440"]
[BlackElo "2370"]
[EventDate "1988.12.??"]
[PlyCount "85"]

1.e4 d6 2.d4 Nf6 3.Nc3 g6 4.Nf3 Bg7 5.h3 O-O 6.Be3 c6 7.a4 a5 8.Be2 Na6 9.
O-O Nb4 10.Qd2 d5 11.e5 Ne8 12.Nd1 Bf5 13.Ne1 c5 14.c3 cxd4 15.cxd4 f6 16.
f4 g5 17.Nf3 Rc8 18.Rc1 Rxc1 19.Qxc1 gxf4 20.Bxf4 Nd3 21.Bxd3 Bxd3 22.Rf2 
Be4 23.exf6 Nxf6 24.Be5 Qe8 25.Nc3 Qg6 26.Qe1 Bh6 27.Nh4 Qg5 28.Rf4 Rf7 
29.Nxe4 dxe4 30.Nf5 Qh5 31.Nxh6+ Qxh6 32.Rh4 Qg6 33.Bxf6 Qxf6 34.Rxe4 b6 
35.b3 Rg7 36.Qf2 Qxf2+ 37.Kxf2 Kf7 38.Rh4 Ke6 39.g4 Kd5 40.Ke3 e6 41.Rh5+ 
Kd6 42.Ke4 Rf7 43.Rh6 1-0

[Event "2nd GMA World Cup prel  #1"]
[Site "Belgrade YUG"]
[Date "1988.??.??"]
[Round "?"]
[White "Riemersma, Liafbern"]
[Black "Ernst, Thomas"]
[Result "1/2-1/2"]
[WhiteElo "2380"]
[BlackElo "2450"]
[EventDate "1988.12.??"]
[PlyCount "53"]

1.d4 Nf6 2.c4 c5 3.d5 b5 4.Nf3 Bb7 5.Nbd2 bxc4 6.e4 e6 7.dxe6 fxe6 8.e5 
Nd5 9.Nxc4 Be7 10.g3 O-O 11.Bg2 Nc6 12.O-O Na5 13.Nfd2 Ba6 14.Qa4 Nxc4 15.
Nxc4 Qc8 16.Rd1 Rb8 17.Bd2 Nb6 18.Nxb6 axb6 19.Be3 b5 20.Qc2 Bb7 21.a4 
Bxg2 22.Kxg2 Qc6+ 23.Kg1 b4 24.b3 Rf5 25.Rac1 Rc8 26.Qd3 Rd8 27.Qb5 
1/2-1/2

[Event "2nd GMA World Cup prel  #1"]
[Site "Belgrade YUG"]
[Date "1988.??.??"]
[Round "?"]
[White "Riemersma, Liafbern"]
[Black "Nenadovic, Ljubisa"]
[Result "1-0"]
[WhiteElo "2380"]
[BlackElo "2245"]
[EventDate "1988.12.??"]
[PlyCount "68"]

1.d4 Nf6 2.Nf3 e6 3.c4 c5 4.d5 exd5 5.cxd5 d6 6.Nc3 g6 7.Bg5 Bg7 8.Nd2 a6 
9.a4 Nbd7 10.e4 O-O 11.Be2 Rb8 12.O-O Re8 13.Qc2 Qc7 14.a5 b5 15.axb6 Rxb6
16.Ra2 Ne5 17.h3 h6 18.Bf4 Nfd7 19.Bg3 g5 20.Nd1 Nf8 21.Bh5 Nfg6 22.Bxg6 
fxg6 23.Ne3 Rb4 24.Ndc4 Bd7 25.Rxa6 Bb5 26.Nxd6 Bxa6 27.Nxe8 Qe7 28.Nxg7 
Bxf1 29.Ne6 Bd3 30.Qc3 Nc4 31.Qxd3 Nxb2 32.Qc3 Na4 33.Qe5 c4 34.d6 Qf7 1-0

[Event "2nd GMA World Cup prel  #1"]
[Site "Belgrade YUG"]
[Date "1988.??.??"]
[Round "?"]
[White "Riemersma, Liafbern"]
[Black "Panchenko, Alexander"]
[Result "0-1"]
[WhiteElo "2380"]
[BlackElo "2475"]
[EventDate "1988.12.??"]
[PlyCount "104"]

1.d4 Nf6 2.c4 e6 3.Nc3 Bb4 4.e3 c5 5.Bd3 Nc6 6.Ne2 cxd4 7.exd4 d5 8.cxd5 
Nxd5 9.Bc2 Be7 10.a3 Nxc3 11.bxc3 b6 12.Qd3 Bb7 13.O-O Rc8 14.Nf4 e5 15.
Nh5 g6 16.Ng7+ Kf8 17.Bh6 Kg8 18.Qh3 Nxd4 19.cxd4 Rxc2 20.dxe5 Qc8 21.
Qxc8+ Rxc8 22.Rfc1 Bc5 23.Rc2 Kf8 24.Ne6+ Ke7 25.Nxc5 Rxc5 26.Rxc5 bxc5 
27.Rc1 Rc8 28.Be3 c4 29.Bxa7 c3 30.f3 Ke6 31.Bd4 c2 32.Kf2 Ba6 33.Ke3 Bb5 
34.Kd2 Ba4 35.Kd3 Kd5 36.f4 Rb8 37.Bc3 Rb1 38.Bd2 h5 39.g3 Rb3+ 40.Kxc2 
Rxg3+ 41.Kb2 Rg2 42.Kc3 Rxh2 43.Be1 h4 44.Kd3 h3 45.Ke3 Ra2 46.Bb4 h2 47.
f5 gxf5 48.Rh1 Bb5 49.Be1 Ke6 50.Bg3 Rxa3+ 51.Kf2 f4 52.Bxh2 Ra2+ 0-1

[Event "2nd GMA World Cup prel  #1"]
[Site "Belgrade YUG"]
[Date "1988.??.??"]
[Round "?"]
[White "Ristic, Nebojsa"]
[Black "Brujic, Bozidar"]
[Result "1-0"]
[WhiteElo "2360"]
[BlackElo "2240"]
[EventDate "1988.12.??"]
[PlyCount "63"]

1.d4 Nf6 2.c4 g6 3.Nc3 Bg7 4.e4 O-O 5.f4 d6 6.Nf3 c5 7.d5 e6 8.Be2 exd5 9.
cxd5 Re8 10.e5 dxe5 11.fxe5 Ng4 12.Bg5 f6 13.exf6 Bxf6 14.Bxf6 Qxf6 15.Qa4
Bd7 16.Qb3 b5 17.Nxb5 c4 18.Qxc4 Qxb2 19.d6+ Re6 20.O-O Ne3 21.Qf4 Nxg2 
22.Kxg2 Rxe2+ 23.Kg1 Qxb5 24.Nd4 Rg2+ 25.Kxg2 Qd5+ 26.Qf3 Qxf3+ 27.Kxf3 
Bh3 28.Rfe1 Na6 29.Kg3 Bd7 30.Re7 Rd8 31.Rf1 Nc5 32.Rc1 1-0

[Event "2nd GMA World Cup prel  #1"]
[Site "Belgrade YUG"]
[Date "1988.??.??"]
[Round "?"]
[White "Ristic, Nebojsa"]
[Black "Los, Sander"]
[Result "1/2-1/2"]
[WhiteElo "2360"]
[BlackElo "2340"]
[EventDate "1988.12.??"]
[PlyCount "102"]

1.d4 Nf6 2.c4 g6 3.Nc3 Bg7 4.e4 O-O 5.f4 d6 6.Nf3 c5 7.d5 e6 8.Be2 exd5 9.
cxd5 Re8 10.e5 dxe5 11.fxe5 Ng4 12.Bg5 Qa5 13.O-O Nxe5 14.d6 Be6 15.Nd5 
Nbd7 16.Bd2 Nxf3+ 17.Bxf3 Qa6 18.Bc3 Bxc3 19.bxc3 Bxd5 20.Qxd5 Nf6 21.Qxc5
Re6 22.Rad1 Rd8 23.d7 Qb6 24.Qxb6 Rxb6 25.Bxb7 Rxb7 26.Rxf6 Rbxd7 27.Rxd7 
Rxd7 28.Ra6 Rc7 29.Ra3 Rd7 30.Kf2 Rd2+ 31.Kf3 Rc2 32.h4 h5 33.g3 Kg7 34.
Ke4 Rg2 35.c4 Rc2 36.Kd5 Kf6 37.c5 g5 38.hxg5+ Kxg5 39.c6 f5 40.Rxa7 Rd2+ 
41.Ke6 f4 42.gxf4+ Kxf4 43.Ra5 Rc2 44.Kd7 Rd2+ 45.Kc8 h4 46.c7 h3 47.Rc5 
h2 48.Rc1 Rxa2 49.Kb7 Rb2+ 50.Ka7 Ra2+ 51.Kb6 Ra8 1/2-1/2

[Event "2nd GMA World Cup prel  #1"]
[Site "Belgrade YUG"]
[Date "1988.??.??"]
[Round "?"]
[White "Ristic, Nebojsa"]
[Black "Yakovich, Yury"]
[Result "0-1"]
[WhiteElo "2360"]
[BlackElo "2450"]
[EventDate "1988.12.??"]
[PlyCount "62"]

1.d4 d5 2.Nf3 Nf6 3.e3 c5 4.b3 Nc6 5.Bb2 cxd4 6.exd4 Bg4 7.a3 e6 8.Bd3 Bd6
9.O-O Ne4 10.Be2 Qf6 11.Nc3 O-O-O 12.Nb5 Bf4 13.Ne5 h5 14.Nd3 Bb8 15.Ne5 
Nxe5 16.dxe5 Bxe5 17.Bxe5 Qxe5 18.f3 Nf6 19.fxg4 hxg4 20.Qd4 Qxh2+ 21.Kf2 
a6 22.Rh1 Ne4+ 23.Qxe4 g3+ 24.Ke3 dxe4 25.Rxh2 gxh2 26.Rh1 axb5 27.Bxb5 f5
28.g4 Rh3+ 29.Kf4 Rh4 30.Ke3 fxg4 31.Kxe4 Rf8 0-1

[Event "2nd GMA World Cup prel  #1"]
[Site "Belgrade YUG"]
[Date "1988.??.??"]
[Round "?"]
[White "Ristic, Nebojsa"]
[Black "Zapata, Alonso"]
[Result "1/2-1/2"]
[WhiteElo "2360"]
[BlackElo "2480"]
[EventDate "1988.12.??"]
[PlyCount "95"]

1.d4 Nf6 2.c4 d6 3.Nc3 Nbd7 4.Nf3 c6 5.e4 e5 6.Be2 g6 7.Be3 Ng4 8.Bg5 f6 
9.Bc1 Nh6 10.O-O a5 11.Kh1 Nf7 12.Be3 Bh6 13.Bxh6 Nxh6 14.Na4 Qe7 15.c5 
Nf7 16.dxe5 fxe5 17.cxd6 Nxd6 18.Qc2 O-O 19.Nd2 Kg7 20.f3 Rf6 21.Rfd1 Rb8 
22.Nf1 Ne8 23.Rac1 Nc7 24.Qc3 Qb4 25.Rxd7+ Bxd7 26.Qxe5 Qd6 27.Qxa5 Ra8 
28.Qc3 Rxa4 29.e5 Nd5 30.exf6+ Qxf6 31.Qxf6+ Kxf6 32.Bc4 Nb6 33.Bb3 Rd4 
34.Kg1 Be6 35.Bxe6 Kxe6 36.Kf2 Nd5 37.a3 Rd3 38.g3 Ke5 39.Rc2 g5 40.Nd2 b5
41.h3 h5 42.Ne4 g4 43.hxg4 hxg4 44.Ng5 Kf5 45.f4 Rb3 46.Rxc6 Rxb2+ 47.Ke1 
Rb3 48.Rc5 1/2-1/2

[Event "2nd GMA World Cup prel  #1"]
[Site "Belgrade YUG"]
[Date "1988.??.??"]
[Round "?"]
[White "Ristic, Nenad"]
[Black "Grimberg, Gilbert"]
[Result "1-0"]
[WhiteElo "2440"]
[BlackElo "2320"]
[EventDate "1988.12.??"]
[PlyCount "49"]

1.e4 e5 2.Nf3 Nf6 3.Nc3 Nc6 4.Bb5 Nd4 5.Ba4 Bc5 6.d3 O-O 7.Bg5 c6 8.O-O h6
9.Bh4 d6 10.Nxd4 Bxd4 11.Ne2 Bxb2 12.Rb1 Ba3 13.f4 Bc5+ 14.Kh1 g5 15.fxg5 
Ng4 16.Ng3 hxg5 17.Nf5 Bxf5 18.exf5 f6 19.Qxg4 b5 20.Bb3+ d5 21.c3 Kg7 22.
d4 Rh8 23.Bxg5 fxg5 24.f6+ Kg6 25.dxc5 1-0